000 00408nam a2200157Ia 4500
003 GCL
008 140319s9999 xx 000 0 eng d
040 _aGCL /
_cGCL
082 0 4 _a790.2
_bW P
100 1 _aWATT, STEPH JAMES
245 1 0 _aPERFORMANCE ART INTO THE GOS /
_cWATT, STEPH JAMES
260 _a[S.N] :
_bACADEMY EDITIONS ،
_c1994
300 _a93 P
650 0 4 _aFURNITURE ART
942 _2ddc
_cBK
999 _c11479
_d11479